LEADER 01309nam a2200325 u 4500 001 000000056393 003 CaOOAMICUS 005 20070226120453.0 008 010406s1987 it u000 u ita u 020 $a8821513416 035 $a10871401 040 $aPUL(R)$bita 041 1 $aita$hfre 245 00$aCristologia africana /$cFrançois Kabasélé, Joseph Doré, René Luneau. 260 $aMilano :$bPaoline,$c1987. 300 $a277 p. ;$c23 cm 490 1 $aSaggi teologici (Edizioni Paoline) ;$v2 500 $aTit. orig. : Chemins de la christologie africaine. 650 4$aTeologia africana.$0(OLS)http://pul/subject/18872 700 1 $aKabasélé, François.$0(OLS)http://pul/name/39553 700 1 $aLuneau, René.$0(OLS)http://pul/name/29186 700 1 $aDoré, Joseph,$d1936-$0(OLS)http://pul/name/27752 830 0$aSaggi teologici (Edizioni Paoline) ;$v2.$0(OLS)http://pul/title/7388 850 $aPUL 852 $aPUL$W1$xSL Religione 1$y3$m65 C 18$j73974$nBK-PRI$b $qStampati$B73974$CPULBib$Z2$F73974 $H $81 941 1 $a8 961 $aINV: 60212 996 $6020$a8821513416$9(OLS)http://pul/number/71095 996 $6245$aCristologia africana$9(OLS)http://pul/title/75426 996 $6260$aMilano :$bPaoline$9(OLS)http://pul/publisher/60808 LEADER 01050nam a2200277 u 4500 001 000000086349 003 CaOOAMICUS 005 20070226124305.0 008 050928s1947 it u000 u ita u 035 $a11060540 040 $aPUL(R)$bita 041 1 $aita$ager 245 00$aCanto della montagna /$canonimo (scuola di Paracelso) ; [a cura di Guidi Manacorda]. 246 33$aBerglied 260 $aFirenze :$bFussi,$c1947. 300 $a77 p. ;$c17 cm 490 1 $aIl melagrano ;$v27 546 $aTesto a fronte italiano e tedesco. 700 1 $aManacorda, Guido,$d1879-1965.$0(OLS)http://pul/name/5172 830 3$aIl melagrano ;$v27.$0(OLS)http://pul/title/9155 850 $aPUL 852 $aPUL$W1$xDP1 Fondo Cecchetti$y53$m293 B 27$j109645$nBK-PRI$b $qFondi$B109645$CPULBib$Z2$F109645 $HPUL3231 $81 941 1 $a1 996 $6245$aCanto della montagna$9(OLS)http://pul/title/111922 996 $6246$aBerglied$9(OLS)http://pul/title/111923 996 $6260$aFirenze :$bFussi$9(OLS)http://pul/publisher/51190